[Event "IM Marmaris Karia VII 2019"]
[Site "Marmaris"]
[Date "2019.05.25"]
[Round "2.5"]
[White "Mgeladze, Tamaz"]
[Black "Ozkan, Taha"]
[Result "1-0"]
[WhiteElo "2396"]
[BlackElo "1977"]
[Annotator "NA"]
[PlyCount "87"]
[EventDate "2019.05.25"]
[EventType "schev"]
[EventCountry "TUR"]
[SourceTitle "playchess.com"]
[Source "ChessBase"]
[SourceQuality "1"]
[TimeControl "5400+30"]

1. c4 {[%emt 0:00:30]} c6 {[%emt 0:01:30]} 2. Nf3 {[%emt 0:00:00]} d5 {[%emt 0:00:00]} 3. g3 {[%emt 0:00:00]} dxc4 {[%emt 0:00:00]} 4. Bg2 {[%emt 0:00:30]} b5 {[%emt 0:01:30]} 5. d3 {[%emt 0:06:30]} cxd3 {[%emt 0:01:30]} 6. Ne5 {[%emt 0:00:00]} Bb7 {[%emt 0:00:30]} 7. Nc3 {[%emt 0:04:00]} a6 {[%emt 0:06:30]} 8. O-O {[%emt 0:03:30]} e6 {[%emt 0:03:30]} 9. Nxd3 {[%emt 0:03:30]} Nd7 {[%emt 0:02:30]} 10. a4 {[%emt 0:01:30]} Qc7 {[%emt 0:07:30]} 11. axb5 {[%emt 0:01:30]} cxb5 {[%emt 0:00:30]} 12. Nxb5 {[%emt 0:01:30]} axb5 {[%emt 0:01:30]} 13. Rxa8+ {[%emt 0:00:30]} Bxa8 {[%emt 0:00:00]} 14. Bxa8 {[%emt 0:00:30]} Ngf6 {[%emt 0:01:00]} 15. Qb3 {[%emt 0:01:30]} Qc4 {[%emt 0:04:30]} 16. Qd1 {[%emt 0:03:30]} Be7 {[%emt 0:04:30]} 17. b3 {[%emt 0:01:30]} Qc8 {[%emt 0:11:30]} 18. Bf3 {[%emt 0:01:30]} O-O {[%emt 0:01:30]} 19. Bb2 {[%emt 0:01:30]} Nb6 {[%emt 0:04:30]} 20. Qa1 {[%emt 0:01:30]} Qc2 {[%emt 0:07:30]} 21. Qa5 {[%emt 0:03:30]} Nbd7 {[%emt 0:01:30]} 22. Bxf6 {[%emt 0:03:30]} Nxf6 {[%emt 0:04:30]} 23. Qxb5 {[%emt 0:00:30]} Qc7 {[%emt 0:00:30]} 24. Rc1 {[%emt 0:00:30]} Qa7 {[%emt 0:03:30]} 25. Qa4 {[%emt 0:03:30]} Qb6 {[%emt 0:00:30]} 26. Rc6 {[%emt 0:00:30]} Qb8 {[%emt 0:00:30]} 27. Ra6 {[%emt 0:00:30]} h6 {[%emt 0:06:30]} 28. b4 {[%emt 0:00:30]} e5 {[%emt 0:03:30]} 29. Ra8 {[%emt 0:05:30]} Qb6 {[%emt 0:04:32]} 30. b5 {[%emt 0:04:30]} e4 {[%emt 0:01:52]} 31. Bxe4 {[%emt 0:07:30]} Nxe4 {[%emt 0:00:35]} 32. Qxe4 {[%emt 0:00:30]} Qxb5 {[%emt 0:00:07]} 33. Ra7 {[%emt 0:00:30]} Bf6 {[%emt 0:02:54]} 34. Rb7 {[%emt 0:00:30]} Qa5 {[%emt 0:03:18]} 35. Qc4 {[%emt 0:01:30]} Qa1+ {[%emt 0:01:42]} 36. Kg2 {[%emt 0:00:30]} Qa8 {[%emt 0:01:14]} 37. Qd5 {[%emt 0:02:30]} Kh7 {[%emt 0:06:42]} 38. Qf3 {[%emt 0:05:30]} Qa2 {[%emt 0:01:36]} 39. Nb4 {[%emt 0:00:30]} Qe6 {[%emt 0:00:53]} 40. Nd5 {[%emt 0:00:30]} Bd4 {[%emt 0:01:03]} 41. Qd3+ {[%emt 0:00:00]} Kg8 {[%emt 0:00:24]} 42. Qxd4 {[%emt 0:00:00]} Qxe2 {[%emt 0:00:23]} 43. Ne7+ {[%emt 0:01:30]} Kh7 {[%emt 0:00:33]} 44. Nf5 {[%emt 0:00:30]} 1-0

[Event "IM Marmaris Karia VII 2019"]
[Site "Marmaris"]
[Date "2019.05.25"]
[Round "3.1"]
[White "Eminov, Orkhan"]
[Black "Morozov, Nichita"]
[Result "1/2-1/2"]
[WhiteElo "2353"]
[BlackElo "2371"]
[Annotator "TA"]
[PlyCount "84"]
[EventDate "2019.05.25"]
[EventType "schev"]
[EventCountry "TUR"]
[SourceTitle "playchess.com"]
[Source "ChessBase"]
[SourceQuality "1"]

{[%evp 14,84,20,27,39,24,21,8,96,0,0,0,0,-11,-7,-1,-6,-14,0,-15,-10,-48,-23,-117,0,-14,-8,-7,0,-14,8,0,4,0,0,0,0,-35,28,39,93,3,150,19,9,11,86,0,0,0,0,0,0,0,0,0,0,0,0,0,0,0,1151,50,37,0,62,47,62,62,51,12,16]} 1. e4 e5 2. Nf3 Nc6 3. Bb5 a6 4. Ba4 Nge7 5. O-O g6 6. c3 Bg7 7. d4 exd4 8. cxd4 b5 {C60: Ruy Lopez: Unusual Black 3rd moves and 3...g6} 9. Bb3 O-O 10. Bg5 (10. Nc3 d6 11. h3 Na5 12. Bc2 c5 13. dxc5 dxc5 14. Qxd8 Rxd8 {0-1 (65) Vachier Lagrave,M (2789)-Mamedyarov,S (2808) Leuven 2018}) 10... d6 (10... h6 $11 11. Be3 d5) 11. h3 ({White should try} 11. Qd2 $1 $16) 11... h6 $11 12. Be3 Na5 13. Bc2 Nc4 14. Bc1 Bb7 15. b3 $146 ({Predecessor:} 15. a4 f5 16. Re1 {0-1 (42) Ruiz Abad,J (2124)-Narciso Dublan,M (2491) Getxo 2019}) 15... Nb6 16. Nc3 f5 17. Qe2 b4 18. Nd1 (18. Na4 $11) 18... fxe4 (18... Re8 $1 $17 19. e5 Ned5) 19. Bxe4 Bxe4 20. Qxe4 Qd7 21. a3 bxa3 22. Rxa3 Rae8 23. Ne3 Kh7 24. Rxa6 Ned5 25. Qh4 (25. Qg4 $5 {[%cal Rg4d7]} Qb5 26. Ra7 $11) 25... Rxf3 (25... Nc3 $15) 26. gxf3 Rf8 (26... Nb4 $14 27. Ra3 Qf7) 27. Ra5 ({Better is} 27. Nxd5 $16 Nxd5 28. Ra5) 27... Nc3 (27... Nf4 $11 {remains equal.}) 28. Qg4 (28. Re1 $16 {aiming for Ng4.} Nb5 29. Nc2) 28... Ne2+ 29. Kh2 {Threatens to win with Qxd7.} Qc6 (29... Qf7 $1 $11) 30. Bb2 (30. f4 $1 $16 Nxd4 31. Bb2) 30... Rf4 $1 {[%cal Rf4g4]} 31. d5 Nxd5 (31... Qb7 $5 32. Qe6 $8 Bxb2 $14) 32. Qe6 Ndc3 33. Bxc3 Qxc3 34. Ra8 {[%csl Ga8][%cal Re6g8]} h5 $1 35. Nd5 Qxf3 36. Re8 $1 $36 {[%cal Ba8e8,Be8e7,Be7c7][%mdl 2080] White is more active.} Rh4 {( -> ...Be5+)} 37. Re7 Rf4 $2 {[%mdl 8192] [#]} (37... Nd4 $11 38. Nf6+ Kh6 39. Ng8+ Kh7 $1 {[%mdl 512]} 40. Nf6+ Kh6 41. Ng8+ Kh7 $1 {[%mdl 512]} 42. Nf6+) 38. Qxe2 $2 ({White must play} 38. Qd7 $1 $18 Qxd5 39. Rxg7+ Kh6 40. Rh7+ Kg5 41. Qe7+ {[%mdl 64] Double Attack} Rf6 42. Qxe2) 38... Qxd5 $14 39. Rxc7 Kh6 (39... Rf3 $1 $11) 40. Qe3 Be5 {White must now prevent ...g5.} 41. Kg1 g5 {And now ...Rf3 would win.} 42. Re1 Rf3 {Accuracy: White = 31%, Black = 39%.} 1/2-1/2

[Event "IM Marmaris Karia VII 2019"]
[Site "Marmaris"]
[Date "2019.05.25"]
[Round "3.2"]
[White "Tanriverdi, Enes"]
[Black "Papenin, Nikolai"]
[Result "0-1"]
[WhiteElo "2348"]
[BlackElo "2336"]
[Annotator "TA"]
[PlyCount "64"]
[EventDate "2019.05.25"]
[EventType "schev"]
[EventCountry "TUR"]
[SourceTitle "playchess.com"]
[Source "ChessBase"]
[SourceQuality "1"]

{[%evp 14,64,16,10,29,16,34,35,46,0,2,11,0,-26,-8,-130,-119,-131,-118,-124,-116,-149,-140,-119,-159,-118,-156,-184,-175,-398,-398,-456,-450,-704,-702,-848,-841,-818,-804,-962,-880,-1367,-1329,-29988,-29989,-29989,-29990,-29990,-29991,-29991,-29992,-29992,-29993]} 1. d4 Nf6 2. Nf3 g6 3. g3 Bg7 4. Bg2 O-O 5. O-O c5 6. dxc5 Na6 {[%cal Bb8a6,Ba6c5,Bc5e6,Be6c7][%mdl 32]} 7. c4 Nxc5 8. Nc3 d6 {A49: 1 d4 Nf6 2 Nf3 g6 3 g3: Anti-King's Indian systems} 9. Nd4 Ne6 (9... Bd7 10. b3 Rc8 11. Bb2 a6 12. Qd2 Qc7 13. Rac1 {0-1 (46) Vidit,S (2711)-Vachier Lagrave,M (2780) chess.com INT 2018}) 10. Nc2 Qa5 $146 {White is slightly better.} ({Predecessor:} 10... Nc5 11. f3 Be6 12. g4 Nfd7 13. Nd5 Bxd5 14. cxd5 Na4 15. Rb1 a5 16. Kh1 Ndc5 17. Nd4 Qd7 18. Be3 {1-0 (18) Terry,R (2504)-Di Berardino,D (2517) Arica 2018}) 11. Nd5 Nxd5 12. cxd5 Nc7 13. Bg5 Re8 14. Ne3 {[#]} (14. Bd2 $11 {remains equal.} Qa4 15. Bc3) 14... h6 $1 $17 {[%cal Rh6g5]} 15. Bf4 g5 16. Nc4 Qa6 17. Bd2 Qxc4 18. Rc1 Qxa2 19. Rxc7 Qxb2 20. e4 a5 21. Kh1 $2 (21. Rc2 Bg4 22. Rxb2 Bxd1 23. Ra2) 21... a4 $19 22. f4 a3 23. fxg5 (23. e5 $142 Bf5 24. Bc3) 23... a2 24. Qh5 Rf8 25. gxh6 Bf6 ({Worse is} 25... Qxd2 26. hxg7 Kxg7 27. Rxc8 $11) 26. h7+ Kh8 27. Bh6 a1=Q {( -> ...Ra2!)} 28. Bxf8 Qaa2 {[%csl Ga2][%cal Rb2g2] Black mates.} ({Inferior is} 28... Ra2 {[#]} 29. Bg7+ $1 {[%mdl 512]} Bxg7 30. Rxc8+ Bf8 31. Rxf8+ Kg7 32. h8=Q#) 29. Rg1 Qxg2+ {[%mdl 64] Deflection} 30. Rxg2 Qb1+ {[%mdl 64] Double Attack} 31. Rc1 Qxc1+ 32. Rg1 Qe3 {Accuracy: White = 28%, Black = 75%.} 0-1

[Event "IM Marmaris Karia VII 2019"]
[Site "Marmaris"]
[Date "2019.05.25"]
[Round "3.3"]
[White "Alaz, Ahmet Efekan"]
[Black "Darban, Morteza"]
[Result "1-0"]
[WhiteElo "2252"]
[BlackElo "2285"]
[Annotator "TA"]
[PlyCount "59"]
[EventDate "2019.05.25"]
[EventType "schev"]
[EventCountry "TUR"]
[SourceTitle "playchess.com"]
[Source "ChessBase"]
[SourceQuality "1"]

{[%evp 18,59,47,39,62,60,64,35,66,25,81,0,31,32,111,109,106,91,148,18,23,-14,270,258,266,293,281,272,268,215,424,424,424,424,424,424,424,422,29995,29996,29996,29997,29997,29998]} 1. e4 c5 2. Nf3 d6 3. d4 cxd4 4. Nxd4 Nf6 5. Nc3 g6 6. Be3 Bg7 7. f3 O-O 8. Qd2 Nc6 9. Bc4 Bd7 10. O-O-O Ne5 {B78: Sicilian Dragon: Yugoslav Attack, 9 Bc4 Bd7 10 0-0-0 Rc8} (10... Rb8 11. Bb3 Na5 12. Bh6 Bxh6 13. Qxh6 b5 14. Nd5 Nxb3+ 15. Nxb3 e5 16. Nxf6+ Qxf6 17. h4 Rb6 18. h5 Qe7 19. hxg6 fxg6 {0-1 (55) Robson,R (2667)-Nakamura,H (2746) Saint Louis 2019}) 11. Be2 a6 12. h4 b5 {White is slightly better.} 13. Nd5 $146 ({Predecessor:} 13. Bh6 Bxh6 14. Qxh6 Rc8 15. h5 Rxc3 16. bxc3 Qc7 17. hxg6 fxg6 18. Qe3 {½-½ (47) Nekhaev,A (2514)-Jensen,E (2457) ICCF email 2016}) 13... Rc8 (13... Nxd5 $11 14. exd5 Nc4 15. Bxc4 bxc4) 14. Kb1 ({White should try} 14. h5 $16) 14... Nc4 15. Bxc4 Rxc4 (15... bxc4 $14 16. Nxf6+ Bxf6) 16. h5 $16 Nxd5 17. exd5 Qa8 (17... Bf6 $142) 18. hxg6 ({Better is} 18. b3 $16) 18... fxg6 $11 19. Ne6 (19. b3 $5 {[%cal Rb3c4]} Rc7 20. Bh6 Bxh6 21. Qxh6 $11) 19... Rf7 $2 {[%mdl 8192] [#]} (19... Bxe6 $1 $11 {and Black stays safe.} 20. dxe6 Rfc8) 20. Ng5 $18 Rf5 21. g4 ({Don't do} 21. Nxh7 $6 Rh5 $16) ({But not} 21. Rxh7 $6 Qf8 $18) 21... Rxg5 22. Bxg5 Qf8 23. Qh2 h6 $2 (23... h5 {was worth a try.}) 24. Bxh6 Bxh6 25. Qxh6 Qxh6 26. Rxh6 {KRR-KRB} Kg7 27. g5 {[#] Threatening mate with Rdh1.} Bf5 (27... Be8 $18 28. b3 Rc5) 28. Rdh1 {White mates.} Bxc2+ 29. Ka1 Kf7 30. Rh8 {Accuracy: White = 40%, Black = 31%.} 1-0

[Event "IM Marmaris Karia VII 2019"]
[Site "Marmaris"]
[Date "2019.05.25"]
[Round "3.4"]
[White "Kilic, Efe Mert"]
[Black "Mgeladze, Tamaz"]
[Result "0-1"]
[WhiteElo "2248"]
[BlackElo "2396"]
[Annotator "TA"]
[PlyCount "68"]
[EventDate "2019.05.25"]
[EventType "schev"]
[EventCountry "TUR"]
[SourceTitle "playchess.com"]
[Source "ChessBase"]
[SourceQuality "1"]

{[%evp 9,68,36,33,32,35,35,28,40,33,28,26,33,35,41,36,35,61,49,56,37,47,46,40,33,36,35,42,16,63,20,16,-10,0,0,8,0,0,0,29,-8,-10,-14,0,0,0,0,0,0,0,0,0,0,0,0,0,-218,0,0,0,-374,-250]} 1. e4 c5 2. Nf3 d6 3. c4 Nf6 4. Nc3 Nc6 5. d4 (5. Be2 Bg4 6. h3 Bxf3 7. Bxf3 g6 8. O-O Bg7 9. d3 Nd4 10. e5 dxe5 11. Bxb7 Rb8 12. Qa4+ Qd7 13. Qxd7+ Nxd7 14. Bf3 e4 15. Nxe4 f5 16. Nd2 Ne5 17. Nb3 Nxd3 {0-1 (32) Schramm,C (2371)-Heimann,A (2601) Germany 2018}) 5... Bg4 {White must now prevent ...cxd4.} 6. d5 {A34: Symmetrical English: 2 Nc3, lines with ...d5} Nd4 7. Be2 Bxf3 8. Bxf3 {White has an edge.} g6 9. Be3 Nxf3+ 10. Qxf3 Bg7 11. O-O O-O 12. Qe2 Qa5 $146 ({Predecessor:} 12... a6 13. Qd2 Ng4 14. h3 Nxe3 {0-1 (14) Dooms,S (1461)-Blackman,L (1582) IECC email 2006}) 13. Bd2 Nd7 14. Nb5 Qb6 15. Bc3 a6 16. Bxg7 Kxg7 17. Nc3 {[%cal Bb5c3,Bc3d1,Bd1e3,Be3c4][%mdl 32]} Qb4 18. Rfc1 Rfb8 19. Nd1 b5 20. Ne3 bxc4 21. Nxc4 f6 22. f4 a5 23. Rab1 a4 24. h4 Nb6 $1 25. h5 Nxc4 26. Rxc4 Qb7 27. e5 Qxd5 28. exf6+ exf6 {aiming for ...Re8.} 29. Re4 $1 Ra7 30. Re7+ Rxe7 31. Qxe7+ Kh6 32. Qxf6 $2 {[#]} (32. hxg6 $1 $11 Qd4+ 33. Kh1 hxg6 34. Rf1) 32... Kxh5 $2 ({Better is} 32... Qf5 $1 $19 {[%cal Rf5f6]} 33. Qxf5 gxf5) 33. Kh2 $1 $11 {Strongly threatening Re1.} Qf5 {[#]} 34. Rh1 $2 {[%mdl 8192]} (34. Kg3 $1 $11 {[%mdl 512] and White stays safe.} Qd3+ 35. Kh2) 34... Kg4 {Accuracy: White = 71%, Black = 49%.} ({And not} 34... Qxf6 35. Kg3+ Qh4+ 36. Rxh4#) 0-1

[Event "IM Marmaris Karia VII 2019"]
[Site "Marmaris"]
[Date "2019.05.25"]
[Round "4.1"]
[White "Papenin, Nikolai"]
[Black "Eminov, Orkhan"]
[Result "1/2-1/2"]
[WhiteElo "2336"]
[BlackElo "2353"]
[Annotator "NA"]
[PlyCount "116"]
[EventDate "2019.05.25"]
[EventType "schev"]
[EventCountry "TUR"]
[SourceTitle "playchess.com"]
[Source "ChessBase"]
[SourceQuality "1"]
[TimeControl "5400+30"]

1. d4 {[%emt 0:00:30]} Nf6 {[%emt 0:00:30]} 2. c4 {[%emt 0:00:00]} g6 {[%emt 0:00:00]} 3. Nc3 {[%emt 0:00:00]} Bg7 {[%emt 0:00:00]} 4. e4 {[%emt 0:00:00]} d6 {[%emt 0:00:30]} 5. Bd3 {[%emt 0:00:00]} O-O {[%emt 0:00:30]} 6. Nge2 {[%emt 0:00:00]} Nc6 {[%emt 0:00:30]} 7. O-O {[%emt 0:00:00]} Nh5 {[%emt 0:02:30]} 8. Bc2 {[%emt 0:00:30]} e5 {[%emt 0:00:00]} 9. d5 {[%emt 0:00:30]} Ne7 {[%emt 0:00:00]} 10. a4 {[%emt 0:04:30]} f5 {[%emt 0:01:30]} 11. exf5 {[%emt 0:15:30]} gxf5 {[%emt 0:00:00]} 12. Bg5 {[%emt 0:07:30]} h6 {[%emt 0:00:00]} 13. Bh4 {[%emt 0:00:00]} a6 {[%emt 0:01:30]} 14. f4 {[%emt 0:08:00]} Qe8 {[%emt 0:03:30]} 15. fxe5 {[%emt 0:05:30]} Ng6 {[%emt 0:01:30]} 16. Bf6 {[%emt 0:04:30]} Nxf6 {[%emt 0:03:30]} 17. exf6 {[%emt 0:00:30]} Qe3+ {[%emt 0:14:30]} 18. Kh1 {[%emt 0:00:30]} Bxf6 {[%emt 0:01:30]} 19. Ng3 {[%emt 0:09:30]} Qg5 {[%emt 0:27:30]} 20. Bxf5 {[%emt 0:01:30]} Bxc3 {[%emt 0:05:30]} 21. Ne4 {[%emt 0:03:30]} Qh4 {[%emt 0:04:30]} 22. Bxg6 {[%emt 0:11:30]} Bg4 {[%emt 0:00:30]} 23. Qd3 {[%emt 0:03:30]} Bxb2 {[%emt 0:06:30]} 24. Rxf8+ {[%emt 0:02:30]} Rxf8 {[%emt 0:00:30]} 25. Rf1 {[%emt 0:00:30]} Qe7 {[%emt 0:06:10]} 26. Ng3 {[%emt 0:02:51]} Rxf1+ {[%emt 0:03:02]} 27. Qxf1 {[%emt 0:00:09]} Qf6 {[%emt 0:01:14]} 28. Bf5 {[%emt 0:01:05]} Bxf5 {[%emt 0:00:30]} 29. Qxf5 {[%emt 0:00:30]} Qxf5 {[%emt 0:00:30]} 30. Nxf5 {[%emt 0:00:30]} Bc1 {[%emt 0:00:30]} 31. g4 {[%emt 0:03:39]} Kf7 {[%emt 0:06:22]} 32. Kg2 {[%emt 0:00:13]} Kf6 {[%emt 0:00:14]} 33. Kf3 {[%emt 0:05:16]} Ke5 {[%emt 0:00:18]} 34. h4 {[%emt 0:01:05]} a5 {[%emt 0:00:30]} 35. Ke2 {[%emt 0:01:42]} Ke4 {[%emt 0:02:54]} 36. Kd1 {[%emt 0:01:43]} Bf4 {[%emt 0:00:24]} 37. Ng7 {[%emt 0:00:19]} c6 {[%emt 0:05:02]} 38. Ne6 {[%emt 0:01:44]} cxd5 {[%emt 0:00:58]} 39. cxd5 {[%emt 0:00:20]} Bg3 {[%emt 0:00:23]} 40. Nd8 {[%emt 0:05:02]} b6 {[%emt 0:01:17]} 41. Nf7 {[%emt 0:00:12]} Bxh4 {[%emt 0:01:25]} 42. Nxh6 {[%emt 0:01:33]} Kxd5 {[%emt 0:00:07]} 43. Kc2 {[%emt 0:00:05]} Kc5 {[%emt 0:01:27]} 44. Kb3 {[%emt 0:00:04]} d5 {[%emt 0:00:20]} 45. Nf7 {[%emt 0:00:08]} b5 {[%emt 0:01:08]} 46. axb5 {[%emt 0:01:11]} Kxb5 {[%emt 0:00:12]} 47. Nd6+ {[%emt 0:00:15]} Kc5 {[%emt 0:00:18]} 48. Nb7+ {[%emt 0:01:29]} Kb6 {[%emt 0:00:15]} 49. Nd6 {[%emt 0:00:02]} Kc6 {[%emt 0:00:49]} 50. Nf5 {[%emt 0:00:15]} Bd8 {[%emt 0:00:10]} 51. Nd4+ {[%emt 0:01:20]} Kd6 {[%emt 0:00:16]} 52. Ka4 {[%emt 0:00:06]} Bb6 {[%emt 0:00:16]} 53. Nb3 {[%emt 0:00:18]} Ke5 {[%emt 0:01:03]} 54. Nxa5 {[%emt 0:01:45]} Kf4 {[%emt 0:00:26]} 55. Nb3 {[%emt 0:00:33]} Kxg4 {[%emt 0:00:09]} 56. Kb5 {[%emt 0:00:04]} Bf2 {[%emt 0:00:10]} 57. Kc6 {[%emt 0:00:04]} d4 {[%emt 0:00:06]} 58. Nxd4 {[%emt 0:00:02]} Bxd4 {[%emt 0:00:36]} 1/2-1/2

[Event "IM Marmaris Karia VII 2019"]
[Site "Marmaris"]
[Date "2019.05.25"]
[Round "4.2"]
[White "Darban, Morteza"]
[Black "Tanriverdi, Enes"]
[Result "0-1"]
[WhiteElo "2285"]
[BlackElo "2348"]
[Annotator "NA"]
[PlyCount "52"]
[EventDate "2019.05.25"]
[EventType "schev"]
[EventCountry "TUR"]
[SourceTitle "playchess.com"]
[Source "ChessBase"]
[SourceQuality "1"]
[TimeControl "5400+30"]

1. d4 {[%emt 0:05:30]} Nf6 {[%emt 0:00:30]} 2. Bg5 {[%emt 0:00:00]} d5 {[%emt 0:00:00]} 3. Bxf6 {[%emt 0:00:00]} gxf6 {[%emt 0:00:00]} 4. e3 {[%emt 0:02:30]} c5 {[%emt 0:00:30]} 5. Nf3 {[%emt 0:02:30]} cxd4 {[%emt 0:00:30]} 6. exd4 {[%emt 0:00:30]} Bg4 {[%emt 0:00:00]} 7. Be2 {[%emt 0:03:30]} Nc6 {[%emt 0:00:00]} 8. c3 {[%emt 0:00:00]} e6 {[%emt 0:03:30]} 9. Nbd2 {[%emt 0:01:00]} Bd6 {[%emt 0:00:30]} 10. Qb3 {[%emt 0:04:30]} Rb8 {[%emt 0:01:30]} 11. O-O {[%emt 0:00:30]} Rg8 {[%emt 0:10:30]} 12. Kh1 {[%emt 0:15:30]} Kf8 {[%emt 0:01:30]} 13. Rfe1 {[%emt 0:08:30]} Ne7 {[%emt 0:08:30]} 14. Nf1 {[%emt 0:03:30]} Nf5 {[%emt 0:01:30]} 15. Ne3 {[%emt 0:02:30]} Nxe3 {[%emt 0:00:30]} 16. fxe3 {[%emt 0:00:30]} Qc7 {[%emt 0:00:30]} 17. h3 {[%emt 0:00:30]} Bf5 {[%emt 0:08:30]} 18. c4 {[%emt 0:08:30]} Be7 {[%emt 0:02:30]} 19. c5 {[%emt 0:04:30]} Qg3 {[%emt 0:00:30]} 20. Rg1 {[%emt 0:00:00]} Bd8 {[%emt 0:00:30]} 21. Nh2 {[%emt 0:02:00]} Bc7 {[%emt 0:08:30]} 22. Nf1 {[%emt 0:00:30]} Qf2 {[%emt 0:00:30]} 23. Qd1 {[%emt 0:03:30]} Bxh3 {[%emt 0:00:30]} 24. Bf3 {[%emt 0:02:30]} Bf5 {[%emt 0:02:30]} 25. Qe1 {[%emt 0:01:30]} Rg6 {[%emt 0:01:30]} 26. Nh2 {[%emt 0:00:00]} Rh6 {[%emt 0:00:30]} 0-1

[Event "IM Marmaris Karia VII 2019"]
[Site "Marmaris"]
[Date "2019.05.25"]
[Round "4.3"]
[White "Mgeladze, Tamaz"]
[Black "Alaz, Ahmet Efekan"]
[Result "1/2-1/2"]
[WhiteElo "2396"]
[BlackElo "2252"]
[Annotator "NA"]
[PlyCount "40"]
[EventDate "2019.05.25"]
[EventType "schev"]
[EventCountry "TUR"]
[SourceTitle "playchess.com"]
[Source "ChessBase"]
[SourceQuality "1"]
[TimeControl "5400+30"]

1. e4 {[%emt 0:00:30]} c6 {[%emt 0:00:30]} 2. d4 {[%emt 0:00:00]} d5 {[%emt 0:00:00]} 3. Nd2 {[%emt 0:00:00]} dxe4 {[%emt 0:00:00]} 4. Nxe4 {[%emt 0:00:00]} Bf5 {[%emt 0:00:30]} 5. Ng3 {[%emt 0:00:00]} Bg6 {[%emt 0:00:00]} 6. Nf3 {[%emt 0:01:30]} Nd7 {[%emt 0:02:00]} 7. Bd3 {[%emt 0:00:00]} Bxd3 {[%emt 0:01:30]} 8. Qxd3 {[%emt 0:00:00]} e6 {[%emt 0:00:30]} 9. O-O {[%emt 0:01:30]} Ngf6 {[%emt 0:00:30]} 10. c4 {[%emt 0:02:30]} Be7 {[%emt 0:01:30]} 11. Bf4 {[%emt 0:00:00]} O-O {[%emt 0:00:30]} 12. Rfd1 {[%emt 0:01:00]} Qb6 {[%emt 0:04:30]} 13. Qc2 {[%emt 0:01:30]} Rfe8 {[%emt 0:00:30]} 14. Ne5 {[%emt 0:00:00]} Rad8 {[%emt 0:01:30]} 15. Rd3 {[%emt 0:00:00]} c5 {[%emt 0:03:30]} 16. Rb3 {[%emt 0:00:30]} Qa6 {[%emt 0:01:30]} 17. Ra3 {[%emt 0:00:00]} Qb6 {[%emt 0:00:30]} 18. Rb3 {[%emt 0:00:00]} Qa6 {[%emt 0:00:00]} 19. Ra3 {[%emt 0:00:00]} Qb6 {[%emt 0:00:00]} 20. Rb3 {[%emt 0:00:00]} Qa6 {[%emt 0:03:30]} 1/2-1/2

[Event "IM Marmaris Karia VII 2019"]
[Site "Marmaris"]
[Date "2019.05.25"]
[Round "4.4"]
[White "Sibashvili, Giorgi"]
[Black "Kilic, Efe Mert"]
[Result "1/2-1/2"]
[WhiteElo "2381"]
[BlackElo "2248"]
[Annotator "NA"]
[PlyCount "60"]
[EventDate "2019.05.25"]
[EventType "schev"]
[EventCountry "TUR"]
[SourceTitle "playchess.com"]
[Source "ChessBase"]
[SourceQuality "1"]
[TimeControl "5400+30"]

1. d4 {[%emt 0:00:30]} d5 {[%emt 0:00:30]} 2. c4 {[%emt 0:00:30]} c6 {[%emt 0:00:30]} 3. Nc3 {[%emt 0:00:30]} Nf6 {[%emt 0:00:30]} 4. e3 {[%emt 0:02:30]} Bf5 {[%emt 0:04:30]} 5. cxd5 {[%emt 0:02:30]} cxd5 {[%emt 0:07:30]} 6. Qb3 {[%emt 0:00:30]} Bc8 {[%emt 0:00:30]} 7. Nf3 {[%emt 0:00:30]} Nc6 {[%emt 0:00:30]} 8. Ne5 {[%emt 0:06:30]} e6 {[%emt 0:05:30]} 9. f4 {[%emt 0:07:30]} Be7 {[%emt 0:02:30]} 10. Bd3 {[%emt 0:01:30]} O-O {[%emt 0:00:30]} 11. Bd2 {[%emt 0:00:30]} Nb4 {[%emt 0:07:30]} 12. Be2 {[%emt 0:01:30]} Nd7 {[%emt 0:01:30]} 13. O-O {[%emt 0:04:30]} f5 {[%emt 0:03:30]} 14. Nxd7 {[%emt 0:13:30]} Bxd7 {[%emt 0:01:30]} 15. Na4 {[%emt 0:00:30]} Bxa4 {[%emt 0:00:30]} 16. Qxa4 {[%emt 0:00:30]} Qb6 {[%emt 0:21:30]} 17. Rfc1 {[%emt 0:05:30]} Nc6 {[%emt 0:02:30]} 18. Rc2 {[%emt 0:02:30]} a6 {[%emt 0:01:30]} 19. Rac1 {[%emt 0:00:30]} Rfc8 {[%emt 0:07:30]} 20. b4 {[%emt 0:02:30]} Qd8 {[%emt 0:02:30]} 21. b5 {[%emt 0:02:30]} axb5 {[%emt 0:00:30]} 22. Qxb5 {[%emt 0:00:00]} Ra7 {[%emt 0:07:30]} 23. a4 {[%emt 0:08:00]} Ba3 {[%emt 0:06:28]} 24. Ra1 {[%emt 0:00:30]} Qe7 {[%emt 0:00:25]} 25. Qb3 {[%emt 0:11:30]} Bd6 {[%emt 0:00:02]} 26. a5 {[%emt 0:05:43]} Qd8 {[%emt 0:00:46]} 27. Rac1 {[%emt 0:00:30]} Rb8 {[%emt 0:07:15]} 28. Qb6 {[%emt 0:14:12]} Bc7 {[%emt 0:00:05]} 29. Qb3 {[%emt 0:00:07]} Bd6 {[%emt 0:00:03]} 30. Qb6 {[%emt 0:00:02]} Bc7 {[%emt 0:00:04]} 1/2-1/2